Lord of the Mysteries - The White Tower Pathway - Statistics

General Stats
  • This quiz has been taken 17 times
  • The average score is 6 of 10
Answer Stats
Sequence Number Name of Potion % Correct
Sequence 9 Reader
100%
Sequence 0 The White Tower
87%
Sequence 7 Detective
67%
Sequence 1 Omniscient Eye
60%
Sequence 4 Prophet
60%
Sequence 8 Student Of Ratiocination
60%
Sequence 5 Mysticism Magister
53%
Sequence 6 Polymath
53%
Sequence 3 Cognizer
47%
Sequence 2 Wisdom Angel
47%
No matching quizzes found
Score Distribution
Percent of People with Each Score
Percentile by Number Answered
Your Score History
You have not taken this quiz